000 00570nam a22001817a 4500
003 UA-OsUOA
001 16039
007 ta
008 20031217b un ||||| |||| 00| 0 ukr d
100 _aГладуненко О.
942 _cSA
040 _aUA-OsUOA
_cUA-OsUOA
_dUA-OsUOA
245 _aА вже піввіку проминуло
_b[Остроз. обл. психіатр. лікарні - 50 р.]
300 _aС.5
955 _a0
773 0 _w0
_tВільне слово
_dРівне
_d2003
_g№86/ 29 жовт./
650 7 _aКраєзнавча робота
_2UDC
999 _c302204
_d302204